| 000 | 00528nam a22001577a 4500 | ||
|---|---|---|---|
| 003 | macl | ||
| 005 | 20231104131233.0 | ||
| 008 | 231104b |||||||| |||| 00| 0 eng d | ||
| 040 | _cmacl | ||
| 082 | _a910 | ||
| 100 |
_aबर्णवाल ,महेश कुमार _978617 |
||
| 245 | _aभारत का भूूगोल NCERT सार (कक्षा VI-II सहित ) | ||
| 260 |
_aदिल्ली _bकोसमोस प्रकाशन _c2022 |
||
| 650 | _aभूगोल | ||
| 942 |
_2ddc _cHIN |
||
| 999 |
_c66312 _d66312 |
||